British TV Personalities by Picture – Sudden Death - Statistics

General Stats
  • This quiz has been taken 286 times
  • The average score is 10 of 15
Answers on the Grid
Answers color-coded by a green-red scale on the quiz's grid according to % correct below.
Image
Image
Image
Image
Image
Image
Image
Image
Image
Image
Image
Image
Image
Image
Image
Image
Image
Image
Image
Image
Image
Image
Image
 
Answer Stats
Answer % Correct
Jimmy Carr Image
78%
Greg Davies Image
77%
Bradley Walsh Image
77%
Graham Norton Image
75%
Richard Osman Image
74%
Ant McPartlin Image
72%
Jo Brand Image
71%
Claudia Winkleman Image
70%
Mel Giedroyc Image
67%
Alison Hammond Image
66%
Sandi Toksvig Image
63%
Alex Jones
61%
Ed Gamble Image
56%
Clive Myrie Image
50%
Victoria Coren Mitchell Image
40%
No matching quizzes found
Score Distribution
Percent of People with Each Score
Percentile by Number Answered
Your Score History
You have not taken this quiz